| Tag |
First Indicator |
Second Indicator |
Subfields |
| LEADER |
00000cam a2200000 i 4500 |
| 001 |
in00000060198 |
| 005 |
20151008051611.0 |
| 008 |
790313s1979 nyu b 00010aeng |
| 010 |
|
|
|a 79010597
|
| 020 |
|
|
|a 0393012522
|
| 035 |
|
|
|a (OCoLC)04804279
|
| 035 |
|
|
|9 AAG8893AM
|
| 040 |
|
|
|a DLC
|c DLC
|d VET
|d UNM
|d TXA
|d UtOrBLW
|
| 049 |
|
|
|a TXAM
|c 1 [1383334], 2 [A12992406]
|
| 050 |
0 |
0 |
|a RC924
|b .C65 1979
|
| 100 |
1 |
|
|a Cousins, Norman.
|
| 245 |
1 |
0 |
|a Anatomy of an illness as perceived by the patient :
|b reflections on healing and regeneration /
|c by Norman Cousins ; introd. by Rene Dubos.
|
| 264 |
|
1 |
|a New York :
|b Norton,
|c [1979]
|
| 264 |
|
4 |
|c ©1979
|
| 300 |
|
|
|a 173 pages ;
|c 22 cm.
|
| 336 |
|
|
|a text
|b txt
|2 rdacontent
|
| 337 |
|
|
|a unmediated
|b n
|2 rdamedia
|
| 338 |
|
|
|a volume
|b nc
|2 rdacarrier
|
| 504 |
|
|
|a Bibliography: pages 163-173.
|
| 600 |
1 |
0 |
|a Cousins, Norman.
|
| 650 |
|
0 |
|a Collagen diseases
|x Biography.
|
| 650 |
|
0 |
|a Mind and body.
|
| 650 |
|
0 |
|a Will.
|
| 650 |
|
0 |
|a Medicine
|x Philosophy.
|
| 650 |
|
0 |
|a Authors, American
|x Biography.
|
| 650 |
|
2 |
|a Collagen Diseases
|x biography.
|
| 650 |
|
2 |
|a Holistic Health.
|
| 650 |
|
2 |
|a Philosophy, Medical.
|
| 999 |
|
|
|a MARS
|
| 999 |
f |
f |
|s fd48cf19-56a7-306a-9a82-698fe4fbf3fc
|i c1623dc3-1520-3995-8203-372dbb554eda
|t 0
|
| 952 |
f |
f |
|p ric
|a Texas A&M University
|b Rellis Campus
|c Joint Library Facility
|s JLF
|d Remote Storage
|t 0
|e RC924 .C65 1979
|h Library of Congress classification
|i unmediated -- volume
|m A14812992406
|
| 998 |
f |
f |
|a RC924 .C65 1979
|t 0
|l Remote Storage
|